[Event "Mittelfrankenliga 05/06 (B2a)"]
[Site "Mfr.2005/06-R5"]
[Date "2006.01.29"]
[Round "5.6"]
[White "Laibold, Lorenz"]
[Black "Schoemig, Anton"]
[Result "0-1"]
[WhiteElo "1793"]
[BlackElo "1866"]
[Annotator "Eckental1-Altensittenbach2"]
[PlyCount "106"]
[EventDate "2006.01.29"]
[SourceDate "2005.10.17"]

1. e4 c6 2. Nf3 d5 3. exd5 cxd5 4. d4 Nc6 5. Bd3 Bg4 6. c3 e6 7. Bf4 Bd6 8.
Bxd6 Qxd6 9. Nbd2 Nf6 10. O-O O-O 11. Re1 Rfe8 12. Qb3 Bxf3 13. Nxf3 Nd7 14.
Re3 b6 15. Rae1 Na5 16. Qc2 g6 17. Ne5 Nxe5 18. dxe5 Qc7 19. Qe2 Rad8 20. h4 d4
21. Rg3 Kg7 22. h5 Rg8 23. Qf3 Qe7 24. Qg4 dxc3 25. hxg6 hxg6 26. Bxg6 Kf8 27.
Rf3 Rg7 28. Qh5 Rxg6 29. Qxg6 cxb2 30. Qh6+ Ke8 31. Rg3 Qb4 32. Rg8+ Kd7 33.
Rxd8+ Kxd8 34. Rd1+ Kc7 35. Qh7 Nc6 36. Qxf7+ Ne7 37. Qh7 Qc5 38. g3 Kc6 39.
Qe4+ Nd5 40. Kg2 b5 41. Rb1 Qc1 42. Qg6 Nc3 43. Qxe6+ Kb7 44. Qd7+ Kb6 45. Rxc1
bxc1=Q 46. e6 Qe1 47. e7 Qe4+ 48. f3 Qc2+ 49. Kh3 Qh7+ 50. Kg4 Qg7+ 51. Kf5
Qf7+ 52. Ke5 Qg7+ 53. Kd6 Qf6+ 0-1

[Event "Mittelfrankenliga 05/06 (B2a)"]
[Site "Mfr.2005/06-R5"]
[Date "2006.01.29"]
[Round "5.7"]
[White "Bayer, Willi"]
[Black "Hager, Lothar"]
[Result "1-0"]
[WhiteElo "1610"]
[BlackElo "1551"]
[Annotator "Eckental1-Altensittenbach2"]
[PlyCount "79"]
[EventDate "2006.01.29"]
[SourceDate "2005.10.17"]

1. d4 Nf6 2. e3 g6 3. Bd3 Bg7 4. c3 d6 5. Nf3 Nbd7 6. Nbd2 O-O 7. O-O b6 8. Re1
Bb7 9. e4 Rc8 10. d5 c6 11. c4 a6 12. Rb1 Ng4 13. Ng5 Nge5 14. Bc2 Qc7 15. f4
h6 16. Nh3 cxd5 17. fxe5 Nxe5 18. exd5 Nxc4 19. Nxc4 Qxc4 20. Bb3 Qc7 21. Be3
b5 22. Qd2 Kh7 23. Nf4 Qd7 24. Rbc1 Qf5 25. Rxc8 Bxc8 26. Qe2 e5 27. dxe6 fxe6
28. Bc2 Qf6 29. Nxg6 Rd8 30. b3 Qc3 31. Bb6 Bd4+ 32. Kh1 Bxb6 33. Qe4 Qg7 34.
Nf8+ Kh8 35. Rf1 Bb7 36. Ng6+ Kh7 37. Qxe6 Rg8 38. Rf7 Be3 39. Rxg7+ Rxg7 40.
Qxe3 1-0

[Event "Mittelfrankenliga 05/06 (B2a)"]
[Site "Mfr.2005/06-R5"]
[Date "2006.01.29"]
[Round "5.8"]
[White "Feldmann, Gerhard"]
[Black "Churt, Kerstin,Dr."]
[Result "1/2-1/2"]
[WhiteElo "1813"]
[BlackElo "1787"]
[Annotator "Eckental1-Altensittenbach2"]
[PlyCount "56"]
[EventDate "2006.01.29"]
[SourceDate "2005.10.17"]

1. c4 e5 2. Nc3 Nf6 3. Nf3 Nc6 4. g3 d5 5. cxd5 Nxd5 6. Bg2 Be6 7. O-O Be7 8.
d3 O-O 9. Bd2 Nb6 10. b3 h6 11. Qc1 Qd7 12. Ne4 Bh3 13. Bxh3 Qxh3 14. Nc5 Bxc5
15. Qxc5 Rfe8 16. b4 Rad8 17. a4 Rd5 18. Qc1 Nd4 19. Re1 Nxf3+ 20. exf3 Rxd3
21. Re4 Qf5 22. Bxh6 Rxf3 23. Rh4 Re6 24. Be3 Rc6 25. Qd1 Rd6 26. Qe2 Nd5 27.
Bf4 Nxf4 28. Qxf3 Rd3 1/2-1/2

[Event "Mittelfrankenliga 05/06 (B2a)"]
[Site "Mfr.2005/06-R5"]
[Date "2006.01.29"]
[Round "5.1"]
[White "Regnat, Markus"]
[Black "Goetz, Dieter[65]"]
[Result "0-1"]
[WhiteElo "2061"]
[BlackElo "1872"]
[Annotator "Nbg.1911/2-Neumarkt1"]
[PlyCount "52"]
[EventDate "2006.01.29"]
[SourceDate "2005.10.17"]

1. e4 d6 2. d4 Nf6 3. Bd3 e5 4. c3 Be7 5. Ne2 O-O 6. O-O c6 7. h3 Re8 8. Be3
Nbd7 9. f4 Bf8 10. Nd2 a6 11. Ng3 b5 12. Nf3 exd4 13. cxd4 Bb7 14. e5 g6 15.
Bd2 Nd5 16. Ng5 Qb6 17. Ne2 c5 18. f5 dxe5 19. fxg6 fxg6 20. Ng3 Bg7 21. Nh5
N7f6 22. Nxf6+ Nxf6 23. dxe5 c4+ 24. Kh1 Rxe5 25. Bc2 Rd8 26. Qc1 Re2 0-1

[Event "Mittelfrankenliga 05/06 (B2a)"]
[Site "Mfr.2005/06-R5"]
[Date "2006.01.29"]
[Round "5.2"]
[White "Hannweber, Markus"]
[Black "Simon, Martin"]
[Result "0-1"]
[WhiteElo "1853"]
[BlackElo "1916"]
[Annotator "Nbg.1911/2-Neumarkt1"]
[PlyCount "142"]
[EventDate "2006.01.29"]
[SourceDate "2005.10.17"]

1. e4 e5 2. Nf3 Nc6 3. Bc4 d6 4. h3 Be7 5. Nc3 Nf6 6. d3 O-O 7. O-O Na5 8. Bg5
c6 9. a3 Nxc4 10. dxc4 Qc7 11. Qe2 Be6 12. Rfd1 Rfd8 13. b3 h6 14. Bh4 Rac8 15.
g4 a6 16. Bg3 Nd7 17. Rd2 h5 18. Nh4 Bg5 19. Rdd1 hxg4 20. hxg4 g6 21. Ng2 Nf6
22. f3 b5 23. cxb5 cxb5 24. Rd3 Qa5 25. Nd1 Rc6 26. Nge3 Rdc8 27. Be1 Qb6 28.
Kg2 Kg7 29. Nc3 Bf4 30. Rad1 Qd8 31. Bd2 Nd7 32. Ncd5 Bxd5 33. Nxd5 Rxc2 34.
Nxf4 exf4 35. Rxd6 Qe7 36. Qd3 Ne5 37. Qd4 f6 38. Rh1 R8c7 39. Rd1 Rd7 40. Rxd7
Qxd7 41. Qxd7+ Nxd7 42. Kf1 Ne5 43. Bxf4 Rc3 44. Bxe5 fxe5 45. Kf2 Rxb3 46. Ra1
a5 47. g5 Kf7 48. Kg3 Ke6 49. Kg4 Kd6 50. f4 Re3 51. Rd1+ Kc6 52. Rc1+ Kb6 53.
Rd1 Rxe4 54. Rd6+ Kc5 55. Rxg6 Rxf4+ 56. Kg3 Ra4 57. Re6 Kd5 58. Rb6 Rxa3+ 59.
Kg4 b4 60. g6 Ra1 61. Rb5+ Kc4 62. Rxe5 Rg1+ 63. Kf5 a4 64. Re4+ Kb3 65. Rg4
Rf1+ 66. Ke4 Rf8 67. Kd4 a3 68. g7 Rg8 69. Kc5 a2 70. Rxb4+ Ka3 71. Rb7 a1=Q
0-1

[Event "Mittelfrankenliga 05/06 (B2a)"]
[Site "Mfr.2005/06-R5"]
[Date "2006.01.29"]
[Round "5.3"]
[White "Brunner, Wolfgang"]
[Black "Dereser, Marc"]
[Result "1-0"]
[WhiteElo "1925"]
[BlackElo "1851"]
[Annotator "Nbg.1911/2-Neumarkt1"]
[PlyCount "111"]
[EventDate "2006.01.29"]
[SourceDate "2005.10.17"]

1. d4 d5 2. c4 e6 3. Nc3 Nf6 4. Bg5 Be7 5. e3 h6 6. Bh4 O-O 7. Nf3 Nbd7 8. Rc1
b6 9. cxd5 exd5 10. Qb3 Bb7 11. Bd3 c5 12. Bxf6 Nxf6 13. dxc5 Bxc5 14. O-O d4
15. Nxd4 Bxd4 16. exd4 Qxd4 17. Be2 Rac8 18. Qa3 a6 19. Rcd1 Qe5 20. Qd6 Qg5
21. Qg3 Qxg3 22. hxg3 Rfe8 23. Bf3 Bxf3 24. gxf3 Re6 25. Rd4 b5 26. Rfd1 g6 27.
a3 Kg7 28. Kg2 Rb6 29. Rd6 Rcc6 30. R6d4 Rc8 31. Re1 Rc7 32. Re3 Rbc6 33. Rd8
Rc4 34. Ra8 R7c6 35. Ra7 Ng8 36. Re8 b4 37. axb4 Rxb4 38. Nd5 Rxb2 39. Rxg8+
Kxg8 40. Ne7+ Kf8 41. Nxc6 Rb6 42. Ne5 Re6 43. f4 f5 44. Nd3 g5 45. fxg5 hxg5
46. Nc5 Rc6 47. Nxa6 Rc4 48. Rc7 Ra4 49. Nc5 Rg4 50. Ne6+ Ke8 51. Rg7 Re4 52.
Nxg5 Re5 53. Ra7 Rb5 54. Ne6 Re5 55. Ng7+ Kf8 56. Kf3 1-0

[Event "Mittelfrankenliga 05/06 (B2a)"]
[Site "Mfr.2005/06-R5"]
[Date "2006.01.29"]
[Round "5.4"]
[White "Leibing, Kai-Ingo"]
[Black "Weidenhoefer, Martin"]
[Result "1/2-1/2"]
[WhiteElo "1850"]
[BlackElo "1910"]
[Annotator "Nbg.1911/2-Neumarkt1"]
[PlyCount "69"]
[EventDate "2006.01.29"]
[SourceDate "2005.10.17"]

1. b3 Nf6 2. Bb2 d5 3. g3 Bf5 4. Bg2 Nbd7 5. Nf3 c6 6. d3 e6 7. Nbd2 Be7 8. a3
Qc7 9. c4 O-O 10. Rc1 Rac8 11. O-O Rfd8 12. Re1 Nf8 13. b4 c5 14. cxd5 exd5 15.
bxc5 Ne6 16. d4 b6 17. Nh4 Bg4 18. Qa4 g5 19. Nhf3 Bxf3 20. Nxf3 bxc5 21. dxc5
Ne4 22. Be5 Qc6 23. Qxc6 Rxc6 24. Nd4 Rxc5 25. Nf5 Bf6 26. Rxc5 N6xc5 27. Bxf6
Nxf6 28. Rc1 Ne6 29. Rb1 Rd7 30. Rb8+ Nf8 31. e3 Rc7 32. Rb1 Rc3 33. Ra1 Ng6
34. a4 a5 35. Nd6 1/2-1/2

[Event "Mittelfrankenliga 05/06 (B2a)"]
[Site "Mfr.2005/06-R5"]
[Date "2006.01.29"]
[Round "5.5"]
[White "Kipferl, Wolfgang,Dr."]
[Black "Hennig, Andreas"]
[Result "1-0"]
[WhiteElo "1832"]
[BlackElo "1837"]
[Annotator "Nbg.1911/2-Neumarkt1"]
[PlyCount "117"]
[EventDate "2006.01.29"]
[SourceDate "2005.10.17"]

1. e4 e6 2. d4 d5 3. exd5 exd5 4. Bd3 Nf6 5. Bf4 Nc6 6. Ne2 Be6 7. a3 Nh5 8.
Bb5 Nxf4 9. Nxf4 Qf6 10. Bxc6+ bxc6 11. Nxe6 fxe6 12. O-O Bd6 13. Nc3 O-O 14.
Qg4 Rab8 15. b3 c5 16. Ne2 cxd4 17. Nxd4 e5 18. Ne2 e4 19. b4 Qe5 20. Ng3 Rf6
21. Qh5 Rbf8 22. Qxe5 Bxe5 23. Rad1 c6 24. Ne2 e3 25. f3 Rd8 26. c3 Bc7 27.
Rfe1 Re8 28. Rd3 Bb6 29. Nd4 e2 30. Kf2 Rh6 31. Rxe2 Rxe2+ 32. Kxe2 Rxh2 33.
Kf2 c5 34. bxc5 Bxc5 35. Kg1 Rh5 36. g4 Re5 37. a4 Re2 38. a5 Ra2 39. Kf1 Bxd4
40. Rxd4 Rxa5 41. Ke2 Kf7 42. Rb4 Kf6 43. Ke3 Ra3 44. Kd4 h6 45. Rb5 Ke6 46.
Rb7 Ra4+ 47. Kd3 Kf6 48. Rd7 Rf4 49. Ke3 Rc4 50. Kd3 Ra4 51. Rxd5 Ra1 52. c4
Rd1+ 53. Ke4 Rxd5 54. Kxd5 Ke7 55. Kc6 a5 56. Kb5 Kd6 57. c5+ Kd5 58. c6 a4 59.
c7 1-0

[Event "Mittelfrankenliga 05/06 (B2a)"]
[Site "Mfr.2005/06-R5"]
[Date "2006.01.29"]
[Round "5.6"]
[White "Zimmer, Frank,Dr."]
[Black "Niebler, Andreas"]
[Result "1-0"]
[WhiteElo "1807"]
[BlackElo "1826"]
[Annotator "Nbg.1911/2-Neumarkt1"]
[PlyCount "101"]
[EventDate "2006.01.29"]
[SourceDate "2005.10.17"]

1. e4 e6 2. d4 d5 3. exd5 exd5 4. Bd3 Bd6 5. c3 Nf6 6. Bg5 O-O 7. Qc2 h6 8. Bh4
Re8+ 9. Ne2 c5 10. dxc5 Bxc5 11. O-O Nc6 12. a3 Bd6 13. h3 a6 14. Nd2 Be6 15.
Nf3 Rc8 16. Rad1 b5 17. Qb1 Be7 18. Bg3 Bd6 19. Bxd6 Qxd6 20. Ned4 Bd7 21. Bf5
Ne5 22. Bxd7 Nxf3+ 23. Nxf3 Qxd7 24. Rfe1 Rxe1+ 25. Rxe1 Re8 26. Rxe8+ Qxe8 27.
Qe1 Qxe1+ 28. Nxe1 Ne4 29. Nd3 Kf8 30. f3 Nd6 31. Nb4 a5 32. Nxd5 Nc4 33. Nc7
Nxb2 34. Nxb5 Nc4 35. Kf2 Ke7 36. Ke2 Kd7 37. Kd3 Nb6 38. Nd4 g6 39. Nb3 a4 40.
Nc5+ Kc6 41. Kd4 Kb5 42. f4 h5 43. g3 f6 44. h4 Nc4 45. Nxa4 Nxa3 46. Kd5 Kxa4
47. Ke6 f5 48. Kf6 Nc4 49. Kxg6 Nd6 50. Kxh5 Ne4 51. Kg6 1-0

[Event "Mittelfrankenliga 05/06 (B2a)"]
[Site "Mfr.2005/06-R5"]
[Date "2006.01.29"]
[Round "5.7"]
[White "Moesl, Sebastian"]
[Black "Huger, Horst"]
[Result "1-0"]
[WhiteElo "1793"]
[BlackElo "1825"]
[Annotator "Nbg.1911/2-Neumarkt1"]
[PlyCount "107"]
[EventDate "2006.01.29"]
[SourceDate "2005.10.17"]

1. e4 c6 2. d4 d5 3. Nc3 dxe4 4. Nxe4 Nd7 5. Nf3 Ngf6 6. Ng3 e6 7. Bd3 c5 8.
O-O Qb6 9. Re1 cxd4 10. Nf5 Nc5 11. N5xd4 Nxd3 12. Qxd3 Be7 13. Rb1 h6 14. Nb3
Nd5 15. c3 Bd7 16. Ne5 Rd8 17. Qg3 Bf6 18. Nc4 Qc7 19. Qxc7 Nxc7 20. Nd6+ Ke7
21. Nxb7 Rb8 22. N7c5 a5 23. Nxd7 Kxd7 24. Bf4 Rb5 25. Red1+ Kc8 26. Bxc7 Kxc7
27. Nd4 Rb6 28. b3 Rd8 29. Ne2 Rbd6 30. Rxd6 Rxd6 31. Kf1 Rd2 32. a4 Rc2 33. c4
Be5 34. h3 Kb6 35. Ke1 Kc5 36. Kd1 Ra2 37. g3 Kb4 38. Nc1 Ra1 39. Nd3+ Ka3 40.
Rxa1+ Bxa1 41. c5 Bd4 42. c6 Bb6 43. Kc2 Bc7 44. Nc5 e5 45. Na6 Bd6 46. c7 Bxc7
47. Nxc7 Kb4 48. Na6+ Ka3 49. Kc3 f5 50. Nc5 g5 51. Nb7 f4 52. Nxa5 e4 53. Nc4+
Ka2 54. gxf4 1-0

[Event "Mittelfrankenliga 05/06 (B2a)"]
[Site "Mfr.2005/06-R5"]
[Date "2006.01.29"]
[Round "5.8"]
[White "Fuchs, Gerhard[66]"]
[Black "Runde, Eduard"]
[Result "1-0"]
[WhiteElo "2133"]
[BlackElo "1614"]
[Annotator "Nbg.1911/2-Neumarkt1"]
[PlyCount "101"]
[EventDate "2006.01.29"]
[SourceDate "2005.10.17"]

1. b3 e5 2. Bb2 Nc6 3. e3 d5 4. Bb5 Bd6 5. f4 f6 6. fxe5 fxe5 7. Nf3 Bg4 8. h3
Bxf3 9. Qxf3 Qh4+ 10. g3 Qe4 11. Qxe4 dxe4 12. Nc3 Nf6 13. g4 h6 14. Bc4 O-O-O
15. Be6+ Kb8 16. Bf5 Bb4 17. O-O-O Bxc3 18. Bxc3 Rd6 19. h4 g6 20. Bxg6 Nxg4
21. Bxe4 Nf2 22. Bxc6 Rxc6 23. Rdf1 Nxh1 24. Bxe5 Re8 25. Bf4 Rg8 26. Rxh1 h5
27. Rf1 b5 28. Bg5 Rh8 29. Rf5 a6 30. e4 Kc8 31. e5 Kd7 32. Bf6 Rh7 33. Rg5 Ke6
34. Rg8 Kf7 35. Rd8 Ke6 36. d4 Rd7 37. Rxd7 Kxd7 38. Kd2 b4 39. Bg7 Rg6 40. Bf6
Ke6 41. c4 c6 42. Bg5 Rg8 43. Ke3 Rf8 44. Ke4 Rf2 45. d5+ cxd5+ 46. cxd5+ Kd7
47. e6+ Kd6 48. Bf4+ Ke7 49. Kf5 Rf1 50. d6+ Kd8 51. Ke5 1-0

[Event "Mittelfrankenliga 05/06 (B2a)"]
[Site "Mfr.2005/06-R5"]
[Date "2006.01.29"]
[Round "5.1"]
[White "Nickmann, Peter"]
[Black "Schatz, Christian"]
[Result "0-1"]
[WhiteElo "1924"]
[BlackElo "2108"]
[Annotator "SZ Fürth1-SF Fürth2"]
[PlyCount "44"]
[EventDate "2006.01.29"]
[SourceDate "2005.10.17"]

1. e4 c5 2. Nf3 Nc6 3. d4 cxd4 4. Nxd4 g6 5. Nxc6 bxc6 6. Bc4 Bg7 7. O-O d6 8.
Qf3 Nf6 9. Nc3 O-O 10. Bg5 Qa5 11. Bxf6 Bxf6 12. Rab1 Rb8 13. Nd1 Rb4 14. Bb3
Ba6 15. c3 Rxb3 16. axb3 Qa2 17. Rc1 Bg5 18. Ne3 Bxf1 19. Kxf1 Qxb2 20. Qd1
Bxe3 21. fxe3 a5 22. c4 f5 0-1

[Event "Mittelfrankenliga 05/06 (B2a)"]
[Site "Mfr.2005/06-R5"]
[Date "2006.01.29"]
[Round "5.2"]
[White "Aronow, Maxim"]
[Black "Koschka, Robert"]
[Result "1-0"]
[WhiteElo "2291"]
[BlackElo "1834"]
[Annotator "SZ Fürth1-SF Fürth2"]
[PlyCount "47"]
[EventDate "2006.01.29"]
[SourceDate "2005.10.17"]

1. c4 e5 2. Nc3 f5 3. e3 Nc6 4. d4 d6 5. b3 g6 6. Bb2 Bg7 7. dxe5 Nxe5 8. Nf3
Ne7 9. Qd2 O-O 10. Be2 N7c6 11. O-O-O Be6 12. Kb1 a5 13. h4 h6 14. Nd4 Nxd4 15.
exd4 Ng4 16. Bf3 Rb8 17. Rde1 Bf7 18. Nd5 a4 19. h5 gxh5 20. Ne7+ Kh7 21. Bxg4
fxg4 22. Qd3+ Kh8 23. d5 Be8 24. Re6 1-0

[Event "Mittelfrankenliga 05/06 (B2a)"]
[Site "Mfr.2005/06-R5"]
[Date "2006.01.29"]
[Round "5.3"]
[White "Koerber, Thomas"]
[Black "Hepting, Heinrich"]
[Result "1/2-1/2"]
[WhiteElo "1920"]
[BlackElo "2155"]
[Annotator "SZ Fürth1-SF Fürth2"]
[PlyCount "124"]
[EventDate "2006.01.29"]
[SourceDate "2005.10.17"]

1. Nf3 Nf6 2. g3 g6 3. Bg2 Bg7 4. d3 O-O 5. O-O d6 6. e4 c6 7. c3 Qa5 8. Nbd2
Qh5 9. Re1 Bh3 10. Nf1 Bxg2 11. Kxg2 Nbd7 12. h3 Qb5 13. Qc2 e5 14. Be3 h6 15.
N1h2 Kh7 16. Qd2 Ng8 17. a4 Qa5 18. Nh4 d5 19. exd5 Qxd5+ 20. Kg1 f5 21. Ng2
Nc5 22. Rad1 a5 23. Qc2 Ne6 24. f4 Qd6 25. Nf3 exf4 26. Nxf4 Ng5 27. Qf2 Nxf3+
28. Qxf3 Nf6 29. Bd4 Rae8 30. Qf2 Nd7 31. Bxg7 Kxg7 32. Re3 g5 33. Ng2 Rxe3 34.
Qxe3 Nf6 35. h4 Kg6 36. hxg5 hxg5 37. Re1 Re8 38. Qf3 Rxe1+ 39. Nxe1 Qe5 40.
Ng2 Ng4 41. d4 Qh8 42. Ne3 Qh2+ 43. Kf1 Qh3+ 44. Kg1 Nf6 45. Qg2 Qh8 46. Qf3
Qc8 47. Nc4 Qe6 48. Ne5+ Kg7 49. Kg2 Nd7 50. Nxd7 Qxd7 51. Qe3 Kg6 52. Qe5 Qd5+
53. Qxd5 cxd5 54. b3 Kf6 55. Kf3 Ke6 56. c4 Kd6 57. Ke3 Kc6 58. Kf3 Kd7 59. Ke3
Ke6 60. Kf3 Kf6 61. Ke3 Kg6 62. Kf2 Kf6 1/2-1/2

[Event "Mittelfrankenliga 05/06 (B2a)"]
[Site "Mfr.2005/06-R5"]
[Date "2006.01.29"]
[Round "5.4"]
[White "Stolpynskyy, Mark"]
[Black "Vinokur, Mykhaylo"]
[Result "1-0"]
[WhiteElo "2114"]
[BlackElo "1787"]
[Annotator "SZ Fürth1-SF Fürth2"]
[PlyCount "85"]
[EventDate "2006.01.29"]
[SourceDate "2005.10.17"]

1. d4 c6 2. c4 d5 3. Nf3 dxc4 4. g3 b5 5. Bg2 Bb7 6. O-O e6 7. a4 a6 8. b3 cxb3
9. Qxb3 Bd6 10. e4 Ne7 11. Rd1 O-O 12. Nbd2 Nd7 13. Bb2 Qb6 14. a5 Qd8 15. Ba3
Bxa3 16. Qxa3 Re8 17. Rac1 Rc8 18. e5 Rc7 19. Ne4 Nc8 20. h4 Nb8 21. Nc5 Ba8
22. Rc2 Qe7 23. Qd3 h6 24. g4 g6 25. g5 h5 26. Nd2 Rd8 27. Nde4 Kg7 28. Nf6 Qf8
29. Bf3 Qh8 30. Be4 Ne7 31. Bg2 Nd5 32. Nxd5 exd5 33. Qf3 Qe8 34. Re2 Re7 35.
Rde1 Kh7 36. e6 Qf8 37. Qf6 Rde8 38. Bh3 fxe6 39. Bxe6 Qxf6 40. gxf6 Rc7 41.
Bh3 Rxe2 42. Rxe2 Rf7 43. Re7 1-0

[Event "Mittelfrankenliga 05/06 (B2a)"]
[Site "Mfr.2005/06-R5"]
[Date "2006.01.29"]
[Round "5.5"]
[White "Buchta, Juergen"]
[Black "Schatz, Werner[33]"]
[Result "0-1"]
[WhiteElo "1763"]
[BlackElo "2010"]
[Annotator "SZ Fürth1-SF Fürth2"]
[PlyCount "63"]
[EventDate "2006.01.29"]
[SourceDate "2005.10.17"]

1. e4 c5 2. Nf3 Nc6 3. d4 cxd4 4. Nxd4 Nf6 5. Nc3 d6 6. Be2 e6 7. O-O Be7 8.
Kh1 e5 9. Nb3 Be6 10. Be3 O-O 11. f3 a6 12. Qd2 d5 13. exd5 Nxd5 14. Rfd1 Nxe3
15. Qxe3 Qc7 16. Nd5 Bxd5 17. Rxd5 Nb4 18. Rxe5 Bd6 19. Rh5 Rfe8 20. Qd2 g6 21.
Rh3 Bf8 22. c3 Rad8 23. Nd4 Nd5 24. g3 b5 25. Bd3 Qe5 26. Nc6 Qe6 27. Nxd8 Qxh3
28. Qg5 Ne3 29. Rg1 Qd7 30. Be4 f5 31. Bc6 Qxd8 32. Bxe8 0-1

[Event "Mittelfrankenliga 05/06 (B2a)"]
[Site "Mfr.2005/06-R5"]
[Date "2006.01.29"]
[Round "5.6"]
[White "Pidtoptanyy, Igor"]
[Black "Holzschuh, Tobias"]
[Result "1-0"]
[WhiteElo "1871"]
[BlackElo "1652"]
[Annotator "SZ Fürth1-SF Fürth2"]
[PlyCount "61"]
[EventDate "2006.01.29"]
[SourceDate "2005.10.17"]

1. e4 c5 2. c3 d5 3. exd5 Qxd5 4. d4 cxd4 5. cxd4 Nc6 6. Nf3 Bg4 7. Be2 e6 8.
Nc3 Qa5 9. O-O Rd8 10. Qb3 Qc7 11. d5 exd5 12. Nxd5 Qb8 13. Bg5 Be7 14. Nxe7
Ngxe7 15. Bxe7 Nxe7 16. Bb5+ Bd7 17. Rfe1 a6 18. Bxd7+ Rxd7 19. Ne5 Rd5 20.
Qxd5 Nxd5 21. Nc6+ Kd7 22. Nxb8+ Rxb8 23. Rad1 Kd6 24. Rd2 Rd8 25. Red1 Ke6 26.
f4 f5 27. Re1+ Kf6 28. Re5 Nxf4 29. Rxf5+ Kxf5 30. Rxd8 Ke6 31. Rb8 1-0

[Event "Mittelfrankenliga 05/06 (B2a)"]
[Site "Mfr.2005/06-R5"]
[Date "2006.01.29"]
[Round "5.7"]
[White "Bruckner, Paul"]
[Black "Bavin, Fedor"]
[Result "0-1"]
[WhiteElo "1530"]
[BlackElo "1680"]
[Annotator "SZ Fürth1-SF Fürth2"]
[PlyCount "100"]
[EventDate "2006.01.29"]
[SourceDate "2005.10.17"]

1. e4 c5 2. Nf3 Nc6 3. d4 cxd4 4. Nxd4 Nxd4 5. Qxd4 e6 6. Nc3 Be7 7. Qxg7 Bf6
8. Qg3 d6 9. Bd2 Ne7 10. Bb5+ Nc6 11. O-O-O a6 12. Ba4 Qc7 13. Bf4 e5 14. Bd2
Be6 15. Nd5 Bxd5 16. exd5 b5 17. dxc6 bxa4 18. Qf3 Be7 19. Bb4 Rb8 20. Ba3 Rb6
21. Qe4 Qxc6 22. Qxc6+ Rxc6 23. Rd3 Rg8 24. g3 Rg4 25. Rdd1 Kd7 26. c3 Re4 27.
Rhf1 Ke6 28. Rd3 Bg5+ 29. Kd1 Rec4 30. h4 Bh6 31. Re1 e4 32. Kc2 Kd7 33. Rd5
Ke6 34. Rh5 Bf8 35. Rxh7 f5 36. f3 Kf6 37. fxe4 Rxe4 38. Rxe4 fxe4 39. g4 Bg7
40. Rh5 Ke6 41. Ra5 d5 42. Rxa4 d4 43. Bb4 Ke5 44. Kd2 Kf4 45. cxd4 Bxd4 46.
Bc3 Bf2 47. h5 Kf3 48. Kd1 e3 49. Kc2 e2 50. Kb3 Rxc3+ 0-1

[Event "Mittelfrankenliga 05/06 (B2a)"]
[Site "Mfr.2005/06-R5"]
[Date "2006.01.29"]
[Round "5.8"]
[White "Kilinski, Evgeni"]
[Black "Hinzmann, Alexander"]
[Result "0-1"]
[WhiteElo "1540"]
[BlackElo "1586"]
[Annotator "SZ Fürth1-SF Fürth2"]
[PlyCount "50"]
[EventDate "2006.01.29"]
[SourceDate "2005.10.17"]

1. e4 e5 2. Nf3 Nc6 3. Bc4 Bc5 4. O-O d6 5. Nc3 a6 6. d3 Na5 7. Bg5 f6 8. Bxg8
fxg5 9. Bc4 Nxc4 10. dxc4 O-O 11. a3 Be6 12. Qe2 Bg4 13. b4 Bxf3 14. gxf3 Bd4
15. Qd3 Qf6 16. Kg2 Rf7 17. Nd5 Qg6 18. c3 Ba7 19. Rg1 Raf8 20. Kf1 c6 21. Ne3
Bxe3 22. Qxe3 Rxf3 23. Qxg5 Rxf2+ 24. Ke1 Qxe4+ 25. Kd1 Qe2+ 0-1

[Event "Mittelfrankenliga 05/06 (B2b)"]
[Site "Mfr.2005/06-R6"]
[Date "2006.02.12"]
[Round "6.1"]
[White "Wittmann, Helmut"]
[Black "Roeschinger, Udo"]
[Result "1/2-1/2"]
[WhiteElo "2099"]
[BlackElo "1878"]
[Annotator "Heilsbronn1-BSGW Erlangen1"]
[PlyCount "102"]
[EventDate "2006.02.12"]
[SourceDate "2005.10.17"]

1. d4 c5 2. d5 Nf6 3. Nc3 e5 4. e4 d6 5. Bb5+ Nbd7 6. a4 a6 7. Bd3 g6 8. h4 h5
9. a5 Bg7 10. Bg5 Qc7 11. Nf3 Nh7 12. Be3 Ndf6 13. Ng5 Ng4 14. Bd2 Bd7 15. Bc4
Qd8 16. Na4 Ngf6 17. Nb6 Rb8 18. Qf3 O-O 19. Ne6 fxe6 20. dxe6 d5 21. exd5 Kh8
22. exd7 Ng4 23. Qe2 Nxf2 24. Rh2 Ng4 25. Rh3 Rf2 26. Qe4 Nf8 27. O-O-O Qf6 28.
Bg5 Bh6 29. Kb1 Bxg5 30. hxg5 Qxg5 31. d6 Nf6 32. Qxb7 Rd8 33. Qc7 N6xd7 34.
Rg3 Qf6 35. Nd5 Qg7 36. Qxd8 e4 37. Rf1 Rxf1+ 38. Bxf1 Qe5 39. Rxg6 Qxd5 40.
Be2 Qf7 41. Bxh5 Qf1+ 42. Ka2 Qc4+ 43. Kb1 Qf1+ 44. Bd1 Qxd1+ 45. Ka2 Qxc2 46.
Rh6+ Kg7 47. Qg5+ Kf7 48. Qe7+ Kg8 49. Qg5+ Kf7 50. Qh5+ Kg7 51. Qg5+ Kf7
1/2-1/2

[Event "Mittelfrankenliga 05/06 (B2b)"]
[Site "Mfr.2005/06-R6"]
[Date "2006.02.12"]
[Round "6.2"]
[White "Muenster, Manfred"]
[Black "Bous, Florian"]
[Result "1-0"]
[WhiteElo "1923"]
[BlackElo "1943"]
[Annotator "Heilsbronn1-BSGW Erlangen1"]
[PlyCount "199"]
[EventDate "2006.02.12"]
[SourceDate "2005.10.17"]

1. Nc3 d5 2. e4 dxe4 3. Nxe4 Nf6 4. Ng3 g6 5. Bc4 Bg7 6. N1e2 Nc6 7. a3 O-O 8.
d3 Bd7 9. O-O Ne5 10. Ba2 c5 11. Bf4 Nc6 12. Qc1 Qb6 13. Rb1 Rfe8 14. h3 e5 15.
Bh6 Rac8 16. Nc3 Nd4 17. Bxg7 Kxg7 18. Kh2 Qc7 19. Nge4 Nxe4 20. Nd5 Qd6 21.
dxe4 c4 22. c3 Ne6 23. Qe3 Qc5 24. Qg3 Nc7 25. Rbd1 Bc6 26. Nxc7 Rxc7 27. Bb1
Ree7 28. Rd2 Red7 29. Re2 Rc8 30. f4 f6 31. h4 Rcd8 32. Ref2 Rd1 33. f5 Rxf1
34. Rxf1 Rd2 35. fxg6 hxg6 36. h5 g5 37. h6+ Kg6 38. Qf3 Rd6 39. Qf5+ Kxh6 40.
Rf3 Be8 41. Rh3+ Kg7 42. Rh7+ Kf8 43. Rxb7 Qe3 44. Ba2 g4 45. Bxc4 Qh6+ 46. Kg3
Rd2 47. Qxg4 Qe3+ 48. Qf3 Qg5+ 49. Kh2 Bd7 50. Rb8+ Be8 51. Be6 Ke7 52. Bh3 Bg6
53. Rb7+ Ke8 54. a4 Qh4 55. a5 Bxe4 56. Rb8+ Ke7 57. Rb4 f5 58. Qg3 Qf6 59. Qe3
Rd7 60. Qc5+ Qd6 61. Qe3 Rc7 62. Rb5 Qf6 63. Rc5 Qd6 64. Qg5+ Kf7 65. Qh5+ Kg7
66. Qg5+ Kf7 67. Rxc7+ Qxc7 68. Bxf5 Bxf5 69. Qxf5+ Kg7 70. g4 e4+ 71. Kh3 Qe7
72. Qf1 e3 73. Qe2 Qe4 74. Kg3 Kf6 75. b4 Kg5 76. c4 Qf4+ 77. Kg2 Qe4+ 78. Kg3
Qf4+ 79. Kh3 Qe4 80. b5 Qh1+ 81. Kg3 Qh4+ 82. Kg2 Qh7 83. Qxe3+ Kxg4 84. Qf3+
Kg5 85. Qe3+ Kf6 86. Qd4+ Ke6 87. Qd5+ Kf6 88. Qd4+ Ke6 89. Qd5+ Kf6 90. Qc6+
Ke5 91. Qc5+ Ke6 92. Qd5+ Kf6 93. Qf3+ Ke5 94. Kg3 Ke6 95. Qe3+ Kd6 96. c5+ Kd5
97. Qf3+ Kxc5 98. Qc6+ Kb4 99. b6 Qc2 100. Qxc2 1-0

[Event "Mittelfrankenliga 05/06 (B2b)"]
[Site "Mfr.2005/06-R6"]
[Date "2006.02.12"]
[Round "6.3"]
[White "Schulz, Wilfried[48]"]
[Black "Horneber, Thomas"]
[Result "1/2-1/2"]
[WhiteElo "1896"]
[BlackElo "1939"]
[Annotator "Heilsbronn1-BSGW Erlangen1"]
[PlyCount "111"]
[EventDate "2006.02.12"]
[SourceDate "2005.10.17"]

1. e4 d6 2. d4 Nf6 3. Nc3 g6 4. f4 Bg7 5. Nf3 c6 6. Be2 O-O 7. O-O b5 8. e5
dxe5 9. fxe5 Nd5 10. Ne4 Qb6 11. Kh1 Na6 12. c3 Bb7 13. a4 Rad8 14. axb5 cxb5
15. Qd3 Nac7 16. Bg5 a6 17. Nc5 Ne6 18. Nxb7 Qxb7 19. Qe4 Rd7 20. Bd2 Qb6 21.
Qh4 Qb7 22. Ra3 f6 23. Qg4 Qc6 24. Rfa1 Ndc7 25. exf6 exf6 26. Nh4 f5 27. Qf3
Qe4 28. g3 Nc5 29. Bf4 N5e6 30. Bxc7 Nxc7 31. Bd3 Qxf3+ 32. Nxf3 Re7 33. Kg2
Rfe8 34. Kf2 Bf6 35. h4 Kg7 36. Ra5 h6 37. c4 bxc4 38. Bxc4 Nb5 39. Rd1 Rc7 40.
b3 Nc3 41. Re1 Ne4+ 42. Kg2 Rd8 43. Rxa6 Bxd4 44. Rd1 Bf6 45. Rxd8 Bxd8 46. Nd4
Nc5 47. Rd6 Be7 48. Rd5 Kf6 49. h5 Rd7 50. hxg6 Rxd5 51. Bxd5 Kxg6 52. b4 Nd3
53. b5 Kf6 54. Ba2 Bc5 55. Ne6 Bb4 56. Nf4 1/2-1/2